000 00588nam a2200193Ia 4500
005 20250508160436.0
008 008 250505s9999 xx 000 0 eng d
037 _aTextual
040 _aFEDL
_beng
_cFEDL
041 _aeng
_2eng
084 _a027.8, SUL
_qFEDL
100 _aSullivan Peggy Ed.
_9768511
245 0 _aRealization: The final report of the knapp school libraries project
260 _aChicago
_bAmerican Library Association
_c1968
300 _axi,398p.
650 _aSchool Libraries
_9756592
942 _cTEXL
_h027.8, SUL
999 _c1364624
_d1364624